000 00857cam a2200193 4500
001 WB3724-31
008 000000n2001 000 0 eng u
035 _a(Sirsi) u113178
245 _aPrimelocation in pole position
260 _c2001
490 _aNegotiator
_v16(12) 15 June 2001, 8(1)
520 _aIn Reapit's monthly guide to property websites housebuyers' portal Primelocation.com has been listed in the number one position. Reapit reviews over 40 property sites each month and awards them marks for properties, appearance and features. Assertahome and Propertyfinder are ranked just below Primelocation.com. The Reapit property site guide can be viewed at: http://www.reapit.com.
590 _aWB
650 _aPRIMELOCATION.COM
650 _aRANKINGS
650 _aWEBSITES
690 _aINFORMATION TECHNOLOGY-INTERNET
942 _n0
999 _c67397
_d67397